000 00627nam a2200253Ia 4500
003 OSt
005 20220918200104.0
006 a|||||r|||| 00| 0
007 ta
008 220917b |||||||| |||| 00| 0 eng d
024 _a87,465
037 _cTextual
040 _aARTS
_cARTS
_beng
041 _2eng
_aeng
082 _aT30b2, K1
100 _aRanganthan S R
_992715
245 0 _aEducation for leisure
250 _a4th
260 _c1961
490 _aRanganathan series in library science; 8
650 _aEDUCATION
942 _hT30b2, K1
_cTEXL
_2CC
999 _c211160
_d211160